000 00309nam a2200121Ia 4500
008 220120s9999||||xx |||||||||||||| ||und||
082 _a004.6 LAM
100 _aLammle, Todd
245 0 _aMCSE test success and networking
260 _aBPB publication
_c1998
300 _b0
650 _aSIGNAL PROCESSING
_9719
999 _c136952
_d136952